zpět

Detail výsledku týmu

Klub Tyjátr, Svitavy

Datum a čas kvízu

32 Celkem bodů Celkový počet nahraných bodů na tomto kvízu bez doplňovacích otázek.
4. Pořadí na kvízu Konečné umístění týmu na tomto kvízu.

Zaznamenané odpovědi

# Otázka Odpověď Body Výsledky
1. Úředník obce Včelná na Českobu... Proti Adamu Vojtěchovi. 1
2. Jak se jmenuje latinskoamerick... Haiti 1
3. Na filmovém festivalu ve franc... Jodie Fosterová 0
4. V Londýně byla minulý týden za... Leonardo Da Vinci 0
5. Napište jména obou finalistek... Karolína Plíšková, Ashleigh Bartyová 1
6. Letošní turnaj byl výjimečný v... Ázerbájdžán, Rumunsko 1
7. Patrik Schick vstřelil na turn... Chorvatska 1
8. Přiřaďte týmy k jejich umístěn... 1D 2C 3B 4A 1
9. Za půl bodu napište jméno česk... Tomáš Holeš, číslo 9 1
10. Neuvěřitelné štěstí měl sázkař... C 0